书目信息 |
| 题名: |
《连续出版物著录规则》例释
|
|
| 作者: | 叶奋生 , 吴龙涛 编著 | |
| 分册: | ||
| 出版信息: | 沈阳 辽宁人民出版社 1986 |
|
| 页数: | 154页 | |
| 开本: | 19cm | |
| 丛书名: | 图书情报业务丛书 | |
| 单 册: | ||
| 中图分类: | G254.31 | |
| 科图分类: | ||
| 主题词: | 编目规则-连续出版物 , 连续出版物-编目规则 | |
| 电子资源: | ||
| ISBN: | ||
| 000 | 00804nam2 2200277 45 | |
| 001 | 0186018720 | |
| 005 | 20070730172001.14 | |
| 010 | @dCNY1.40 | |
| 091 | @aCN@b7090.414 | |
| 100 | @a19930608d1986 ek y0chiy0121 ea | |
| 101 | 0 | @achi |
| 102 | @aCN@b210000 | |
| 105 | @ay z 000yy | |
| 200 | 12 | @a《连续出版物著录规则》例释@A《 lian xu chu ban wu zhu lu gui ze 》 li shi@f吴龙涛,叶奋生编著 |
| 210 | @a沈阳@c辽宁人民出版社@d1986 | |
| 215 | @a154页@d19cm | |
| 225 | 2 | @a图书情报业务丛书 |
| 410 | 0 | @120010@a图书情报业务丛书 |
| 606 | @a编目规则-连续出版物 | |
| 606 | @a连续出版物-编目规则 | |
| 690 | @aG254.31@v3 | |
| 701 | 0 | @a叶奋生@Aye fen sheng@4编著 |
| 701 | 0 | @a吴龙涛@Awu long tao@4编著 |
| 801 | 0 | @aCN@bTSSF@c20070730 |
| 801 | 2 | @aCN@bNLC@c20060725 |
| 905 | @a10447@dG254.31@e70 | |
| 《连续出版物著录规则》例释/吴龙涛,叶奋生编著.-沈阳:辽宁人民出版社,1986 |
| 154页;19cm.-(图书情报业务丛书) |
| ISBN :CNY1.40 |
| ● |
| 相关链接 |
|
|
|
|
正题名:《连续出版物著录规则》例释
索取号:G254.31/70
 
预约/预借
| 序号 | 登录号 | 条形码 | 馆藏地/架位号 | 状态 | 备注 |
| 1 | 0426071 | 204260717 | 密集书库/ [索取号:G254.31/70] | 在馆 | |
| 2 | 0787298 | 207872989 | 密集书库/ [索取号:G254.31/70] | 在馆 |